Provinces of Korea (North and South) - Statistics

General Stats
  • This quiz has been taken 151 times
  • The average score is 13 of 18
Answer Stats
Hint Answer % Correct
South North Jeolla
89%
South Gangwon
86%
South South Jeolla
86%
South Gyeonggi
83%
South Jeju
83%
South North Gyeongsang
80%
South South Gyeongsang
80%
South North Chungcheong
78%
South South Chungcheong
78%
North North Hamgyong
68%
North North Pyongan
66%
North South Pyongan
66%
North Chagang
65%
North North Hwanghae
65%
North South Hamgyong
65%
North South Hwanghae
65%
North Kangwon
63%
North Ryanggang
58%
No matching quizzes found
Score Distribution
Percent of People with Each Score
Percentile by Number Answered
Your Score History
You have not taken this quiz